000 01248nam a2200385 c 4500
001 7028
003 ES-MaCES
005 20141221121857.0
008 980608s1996 sp ||| | spa d
017 _aM. 13.598-1996
_bDL
020 _a8472483339
035 _aCES19980070973m
040 _aES-MaCES
_bspa
_cES-MaCES
100 1 _aMontoya Martín, Encarnación
_918940
245 1 4 _aLas empresas públicas sometidas al Derecho privado
_cEncarnación Montoya Martín
260 _aMadrid
_bMarcial Pons, Ediciones Jurídicas y Sociales
_c1996
300 _a662 p.
_c24 cm
490 1 _aMonografías jurídicas
504 _aBibliogr.: p. 629-649
541 _cCompra
650 4 _aempresa pública
_927148
650 4 _aderecho
_927151
650 4 _aderecho público
_927169
650 4 _aderecho administrativo
_927155
650 4 _arégimen jurídico
_929894
650 4 _aEspaña
_926964
650 4 _aComunidades Autónomas
_930768
650 4 _aderecho comunitario
_929866
650 4 _aderecho comparado
_929868
653 1 0 _aDerecho administrativo
830 0 _aMonografías jurídicas (Marcial Pons (Firma))
_932181
902 _aLIB Libro
942 _2CES
_cBK
_h6.0.2.
999 _c7028
_d7028